| Поле | Инд. | ПП | Название | Значение |
|---|---|---|---|---|
| Тип записи | a | |||
| Библиографический уровень | a | |||
| 001 | Контрольный номер | 004017c38efe46b0813a725e202818dd | ||
| 005 | Дата корректировки | 20170316092353.6 | ||
| 020 | a | ISBN | 5-02-008878-1 | |
| 040 | a | Служба первич. каталог. | НБ ТвГУ | |
| b | Код языка каталог. | rus | ||
| e | Правила каталог. | PSBO | ||
| 041 | 0_ | a | Код языка текста | rus |
| 097 | b | Оператор | novikova | |
| 100 | 1_ | a | Автор | Пересадило Руслан Васильевич |
| q | Полное имя | Пересадило Р. В. | ||
| 245 | 10 | a | Заглавие | Кадры и организация торгово-дипломатической работы России в Норвегии: сравнительная характеристика (XIX век - 30-е годы XX века) |
| 260 | a | Место издания | Москва | |
| b | Издательство | Наука | ||
| 504 | a | Библиография | Библиогр.: с. 208-210 (78 назв.) | |
| 520 | 0_ | a | Аннотация | На протяжении последнего десятилетия наблюдается устойчивый рост интереса к российско-норвежским взаимоотношениям. Российские консульства (впрочем, так же как и генеральные консульства и вице-консульства) являлись по сути экономическими институтами. Такое положение обуславливалось многочисленными торговыми конвенциями между Шведско-Норвежским королевством и Российской империей. |
| 653 | 0_ | a | Ключевые слова | Россия, страна |
| a | Ключевые слова | Норвегия, страна | ||
| a | Ключевые слова | 19-20 вв. | ||
| a | Ключевые слова | Российско-норвежские отношения | ||
| a | Ключевые слова | Консулы | ||
| a | Ключевые слова | Торговля | ||
| a | Ключевые слова | Дипломатия | ||
| a | Ключевые слова | Консульства | ||
| 700 | 12 | a | Другие авторы | Репневский Андрей Викторович |
| q | Полное имя | Репневский А. В. | ||
| 773 | 18 | w | Контрольный № источника | RU/IS/BASE/318428008 |
| t | Название источника | Северная Европа | ||
| d | Место и дата издания | Москва : Наука, 2003 | ||
| g | Прочая информация | Вып. 4. - С. 191-210 | ||
| 901 | t | Тип документа | a | |
| 920 | a | Оператор | Нови |